000 01123cab a2200337 4500
001 WB3135-02
008 090401t1995 xxu||||| |||| 00| 0 eng d
035 _a(Sirsi) u70334
041 _aeng
245 _aThreat to ditch fair contract law
260 _c1995
350 _a0
490 _aContract Journal
_v380(6042) 14-20 September 1995, 1(1)
520 _aLatham`s reforms to construction contracts appear to be under threat after the Construction Industry Employers Council and the Construction Clients Forum say they may withdraw support for fair contract legislation.
650 _aCCF
650 _aCIC
650 _aCIEC
650 _aCLG
650 _aCONSTRUCTION CLIENTS FORUM
650 _aBUILT ENVIRONMENT-BUILDING CONTRACT FORMS
650 _aCONSTRUCTION INDUSTRY COUNCIL
650 _aCONSTRUCTION INDUSTRY EMPLOYERS COUNCIL
650 _aCONSTRUCTION LIAISON GROUP
650 _aCONTRACT LEGISLATION
650 _aInsolvency
_96247
650 _aLATHAM REFORMS
650 _aTRUST FUNDS
690 _aBUILDING AND CONSTRUCTION-CONTROL
942 _n0
948 _c04/03/1997
999 _c44223
_d44223